All Countries in order of Population Density - With Map and Clues - Statistics

General Stats
  • This quiz has been taken 141 times
  • The average score is 95 of 196
Answers on the Map
Answers color-coded by a green-red scale on the quiz's map according to % correct below.
 
Answer Stats
Area (sq. Km) Population Country % Correct
0-500 0-50,000 Monaco
98%
500-5,000 5-10 Million Singapore
95%
500-5,000 1-5 Million Bahrain
90%
0-500 0-50,000 Vatican City
88%
100,000-250,000 100 Million + Bangladesh
87%
0-500 250,000- 1 Million Maldives
80%
0-500 250,000 - 1 Million Malta
78%
1 Million + 100 Million + India
75%
250,000-500,000 100 Million + Japan
73%
20,000-50,000 10-25 Million Rwanda
73%
0-500 250,000-1 Million Barbados
72%
0-500 0-50,000 Nauru
72%
0-500 0-50,000 Tuvalu
72%
100,000-250,000 50-100 Million United Kingdom
72%
250,000-500,000 50-100 Million Vietnam
72%
20,000-50,000 10-25 Million Haiti
70%
500-5,000 250,000-1 Million Federated States of Micronesia
68%
20,000-50,000 10-25 Million Israel
68%
5,000-20,000 5-10 Million Lebanon
68%
500,000-1 Million 100 Million + Nigeria
68%
500,000-1 Million 100 Million + Pakistan
68%
250,000-500,000 100 Million + Philippines
68%
0-500 0-50,000 San Marino
68%
250,000-500,000 50-100 Million Germany
67%
20,000-50,000 10-25 Million Netherlands
67%
100,000-250,000 50-100 Million South Korea
67%
1 Million + 100 Million + Indonesia
65%
5,000-20,000 1-5 Million Jamaica
65%
0-500 0-50,000 Liechtenstein
65%
20,000-50,000 10-25 Million Belgium
63%
20,000-50,000 10-25 Million Taiwan
63%
0-500 50,000-250,000 Antigua and Barbuda
62%
1 Million + 100 Million + China
62%
500-5,000 250,000 - 1 Million Comoros
62%
0-500 50,000-250,000 Grenada
62%
250,000-500,000 50-100 Million Italy
62%
500-5,000 50,000-250,000 Kiribati
62%
5,000-20,000 1-5 Million Kuwait
62%
500-5,000 250,000-1 Million Luxembourg
62%
500-5,000 1-5 Million Mauritius
62%
100,000-250,000 25-50 Million Uganda
62%
20,000-50,000 10-25 Million Burundi
60%
20,000-50,000 5-10 Million Denmark
60%
500,000-1 Million 50-100 Million France
60%
0-500 0-50,000 Marshall Islands
60%
100,000-250,000 25-50 Million North Korea
60%
0-500 50,000-250,000 Saint Vincent and the Grenadines
60%
20,000-50,000 10-25 Million Dominican Republic
58%
1 Million + 100 Million + Egypt
58%
20,000-50,000 10-25 Million El Salvador
58%
1 Million + 100 Million + Ethiopia
58%
50,000-100,000 10-25 Million Jordan
58%
1 Million + 10-25 Million Kazakhstan
58%
0-500 0-50,000 Saint Kitts and Nevis
58%
5,000-20,000 1-5 Million Trinidad and Tobago
58%
0-500 50,000-250,000 Andorra
57%
500-5,000 50,000-250,000 Sao Tome and Principe
57%
0-500 50,000-250,000 Seychelles
57%
500-5,000 50,000-250,000 Tonga
57%
1 Million + 25-50 Million Canada
55%
100,000-250,000 10-25 Million Honduras
55%
5,000-20,000 1-5 Million Kosovo
55%
1 Million + 1-5 Million Mongolia
55%
100,000-250,000 25-50 Million Nepal
55%
1 Million + 100 Million + Russia
55%
50,000-100,000 10-25 Million Sri Lanka
55%
1 Million + 25-50 Million Australia
53%
0-500 0-50,000 Palau
53%
250,000-500,000 25-50 Million Poland
53%
5,000-20,000 1-5 Million Qatar
53%
500-5,000 50,000-250,000 Saint Lucia
53%
500,000-1 Million 50-100 Million Thailand
53%
1 Million + 100 Million + United States
53%
1 Million + 50-100 Million Democratic Republic of the Congo
52%
5,000-20,000 1-5 Million Gambia
52%
50,000-100,000 5-10 Million Hungary
52%
1 Million + 50-100 Million Iran
52%
500,000-1 Million 50-100 Million Kenya
52%
500,000-1 Million 1-5 Million Namibia
52%
20,000-50,000 5-10 Million Switzerland
52%
500,000-1 Million 50-100 Million Turkey
52%
50,000-100,000 5-10 Million United Arab Emirates
52%
250,000-500,000 10-25 Million Zimbabwe
52%
1 Million + 100 Million + Brazil
50%
1 Million + 1-5 Million Mauritania
50%
1 Million + 100 Million + Mexico
50%
50,000-100,000 5-10 Million Togo
50%
50,000-100,000 10-25 Million Azerbaijan
48%
500,000-1 Million 50-100 Million Myanmar
48%
500,000-1 Million 25-50 Million Zambia
48%
500-5,000 50,000-250,000 Dominica
47%
100,000-250,000 10-25 Million Guatemala
47%
250,000-500,000 25-50 Million Iraq
47%
1 Million + 5-10 Million Libya
47%
50,000-100,000 10-25 Million Portugal
47%
100,000-250,000 10-25 Million Romania
47%
250,000-500,000 25-50 Million Uzbekistan
47%
500,000-1 Million 25-50 Million Venezuela
47%
100,000-250,000 10-25 Million Cambodia
45%
500-5,000 250,000-1 Million Cape Verde
45%
5,000-20,000 250,000-1 Million Fiji
45%
250,000-500,000 25-50 Million Ivory Coast
45%
100,000-250,000 10-25 Million Malawi
45%
50,000-100,000 5-10 Million Austria
43%
5,000-20,000 1-5 Million Cyprus
43%
50,000-100,000 10-25 Million Czech Republic
43%
100,000-250,000 25-50 Million Ghana
43%
100,000-250,000 250,000-1 Million Iceland
43%
250,000-500,000 25-50 Million Malaysia
43%
1 Million + 25-50 Million Peru
43%
1 Million + 50-100 Million South Africa
43%
500,000-1 Million 25-50 Million Spain
43%
250,000-500,000 25-50 Million Ukraine
43%
500,000-1 Million 25-50 Million Afghanistan
42%
1 Million + 25-50 Million Argentina
42%
500,000-1 Million 1-5 Million Botswana
42%
1 Million + 50-100 Million Colombia
42%
100,000-250,000 10-25 Million Greece
42%
100,000-250,000 250,000-1 Million Guyana
42%
50,000-100,000 1-5 Million Ireland
42%
5,000-20,000 250,000-1 Million Vanuatu
42%
20,000-50,000 1-5 Million Albania
40%
1 Million + 25-50 Million Algeria
40%
1 Million + 25-50 Million Angola
40%
20,000-50,000 1-5 Million Armenia
40%
1 Million + 10-25 Million Bolivia
40%
100,000-250,000 10-25 Million Cuba
40%
20,000-50,000 1-5 Million Djibouti
40%
250,000-500,000 25-50 Million Morocco
40%
50,000-100,000 5-10 Million Sierra Leone
40%
50,000-100,000 5-10 Million Costa Rica
38%
5,000-20,000 1-5 Million East Timor
38%
250,000-500,000 5-10 Million Finland
38%
100,000-250,000 5-10 Million Kyrgyzstan
38%
50,000-100,000 1-5 Million Lithuania
38%
500,000-1 Million 25-50 Million Mozambique
38%
1 Million + 25-50 Million Niger
38%
250,000-500,000 1-5 Million Oman
38%
500-5,000 50,000-250,000 Samoa
38%
100,000-250,000 10-25 Million Senegal
38%
20,000-50,000 1-5 Million Slovenia
38%
100,000-250,000 250,000-1 Million Suriname
38%
100,000-250,000 10-25 Million Syria
38%
500,000-1 Million 50-100 Million Tanzania
38%
1 Million + 10-25 Million Chad
37%
500,000-1 Million 25-50 Million Chile
37%
250,000-500,000 10-25 Million Ecuador
37%
100,000-250,000 5-10 Million Laos
37%
50,000-100,000 1-5 Million Latvia
37%
500,000-1 Million 25-50 Million Madagascar
37%
50,000-100,000 5-10 Million Serbia
37%
100,000-250,000 10-25 Million Tunisia
37%
500,000-1 Million 25-50 Million Yemen
37%
100,000-250,000 10-25 Million Benin
35%
250,000-500,000 10-25 Million Burkina Faso
35%
100,000-250,000 1-5 Million Eritrea
35%
20,000-50,000 1-5 Million Estonia
35%
1 Million + 10-25 Million Mali
35%
20,000-50,000 1-5 Million Moldova
35%
100,000-250,000 5-10 Million Nicaragua
35%
250,000-500,000 5-10 Million Norway
35%
250,000-500,000 5-10 Million Paraguay
35%
20,000-50,000 5-10 Million Slovakia
35%
1 Million + 25-50 Million Sudan
35%
5,000-20,000 250,000-1 Million Bahamas
33%
100,000-250,000 5-10 Million Belarus
33%
50,000-100,000 1-5 Million Croatia
33%
100,000-250,000 5-10 Million Liberia
33%
20,000-50,000 1-5 Million North Macedonia
33%
500,000-1 Million 10-25 Million South Sudan
33%
100,000-250,000 5-10 Million Tajikistan
33%
100,000-250,000 5-10 Million Bulgaria
32%
5,000-20,000 1-5 Million Eswatini
32%
100,000-250,000 10-25 Million Guinea
32%
250,000-500,000 5-10 Million New Zealand
32%
50,000-100,000 1-5 Million Panama
32%
250,000-500,000 5-10 Million Turkmenistan
32%
100,000-250,000 1-5 Million Uruguay
32%
250,000-500,000 25-50 Million Cameroon
30%
500,000-1 Million 5-10 Million Central African Republic
30%
20,000-50,000 1-5 Million Equatorial Guinea
30%
50,000-100,000 1-5 Million Georgia
30%
20,000-50,000 1-5 Million Guinea-Bissau
30%
5,000-20,000 250,000-1 Million Montenegro
30%
1 Million + 25-50 Million Saudi Arabia
30%
50,000-100,000 1-5 Million Bosnia and Herzegovina
28%
5,000-20,000 250,000-1 Million Brunei
28%
20,000-50,000 1-5 Million Lesotho
28%
250,000-500,000 1-5 Million Gabon
27%
250,000-500,000 5-10 Million Papua New Guinea
27%
500,000-1 Million 10-25 Million Somalia
27%
250,000-500,000 10-25 Million Sweden
27%
20,000-50,000 250,000-1 Million Belize
25%
250,000-500,000 5-10 Million Republic of the Congo
25%
20,000-50,000 250,000-1 Million Solomon Islands
25%
20,000-50,000 250,000-1 Million Bhutan
23%
No matching quizzes found
Score Distribution
Percent of People with Each Score
Percentile by Number Answered
Your Score History
You have not taken this quiz